[Event "SuperGM"]
[Site "Linares ESP"]
[Date "2002.02.24"]
[Round "2"]
[White "Adams, Michael"]
[Black "Ponomariov, Ruslan"]
[Result "1-0"]
[WhiteElo "2742"]
[BlackElo "2727"]
[Annotator "Hathaway, Mark"]

1. e4 e5 2. Nf3 Nc6 3. Bb5 a6 4. Ba4 Nf6
{ Black could use ...b7-b5 to get rid of the Bxc6 "threat", but so long as that doesn't hurt Black he'll ignore it. }
5. O-O ( 5. d3 
{ isn't as aggressive as the game move, but it prevents the Open Variation and immediately threatens Bxc6 followed by Nxe5 }
 ) 5...Be7 ( 5...b5 6. Bb3 Bc5 7. Nxe5 Nxe5 8. d4 ) 6. Re1 b5 7. Bb3 d6
{ By defending Pe5 Black is free, if he were to choose, to play ...Nc6-a5xb3, so one often sees White move either his c- or a-file pawns to make room for the Bishop to retreat. }
 ( 7...O-O 
{ indicates an intent to play the Marshall Gambit (...d7-d5) . It would be interesting to see how Adams might play against the Marshall Gambit (he plays it as Black) or avoid it. }
 ) 8. c3 O-O 9. h3 ( 9. d4 Bg4 ) 9...Re8 ( 
{ the Zaitsev Variation }
 9...Bb7 10. d4 Re8 
{ prepares to open the e-file and apply pressure to Pe4 }
 ) 10. d4 Bb7
{ a mere transposition to the Zaitsev Variation, one of the most aggressive variations Black can choose }
11. Nbd2 Bf8 12. d5
{ White keeps the center closed and will willingly fight around the perimeter to keep Bf8, Re8 and Bb7 quiet. }
 ( 12. a4 h6 
{ is (or was) most common. This variation has undergone some changes and several greatly different branches are played. }
 ) 12...Nb8
{ Black generally retreats just for the moment and regroups with ...Nb8-d7 and ...c7-c6xd5; producing a position (for Black) which is much like a Sicilian Defense. }
13. Nf1 Nbd7 14. N3h2
{ preventing ...Nf6-h5-f4 and, in general, maneuvering his pieces so they can flow toward the king-side or the center. He might also be considering f2-f3 (or Qd1-f3) to defend Pe4, so he can follow-up with Nf1-e3, guarding f5 and d5. }
 ( 14. a4 
{ attempting to make Pb5 a weakness may be worthwhile }
 ) 14...Nc5 15. Bc2 c6 16. b4 $5
{ This makes Pc3 awkward, but more importantly it pushes Nc5 back, again giving White time to promote his own plan. }
16...Ncd7 17. dxc6 Bxc6 18. Bg5 h6 19. Bxf6 Nxf6 20. Ng4 Nxg4 21. Qxg4
{ and with that there's no major pressure on Pe4. But, there is the backward Pc3 and White hasn't yet secured square d5. There's a fight yet to be fought. }
21...d5
{ If Black hadn't done this White would have Ra1-d1 and Bc2-b3 very quickly, so that Bf8 would be forever entombed. Also, Nf1-e3 (or g3) would secure f5. }
22. exd5 ( 22. Rad1 d4 23. cxd4 exd4 24. e5 $13 ) 22...Qxd5 23. Bb3 Qd8 ( 23...Qd7 
{ also gives White some advantage, so long as Bf8 is quiet and Nf1 can come into play }
 24. Qxd7 Bxd7 25. Rad1 Bc6 ( 25...Bf5 26. Ne3 Bg6 27. Rd7 ) 26. Ne3 ) 24. Qh5
{ There are sometimes more than one way to gain an advantage. Ra1-d1 is also good. }
 ( 24. Rad1 ) 24...Ra7 ( 24...Qe7 
{ looks horrendous. Black would rather give Pe5 and counter-attack. }
 25. Rxe5 $2 
{ is a little premature and doesn't seem to lead to anything substantial }
 25...Qxe5 26. Qxf7+ Kh7 27. Qg8+ Kg6 ) ( 24...Qf6 
{ doesn't completely solve Black's problems }
 25. Ne3 Ra7 26. Ng4 Qf4 27. Rxe5 ) 25. Rxe5 Rxe5 26. Qxe5 Qg5 27. Qxg5 hxg5 28. Ne3
{ From this point forward White is just activating pieces, trading-off bad pawns and keeping his king safe. He will naturally seek to keep Black's pieces quite or to trade rooks, but Black will avoid most trades, so he can keep fighting. }
28...g6 29. Rd1 Rc7 30. Kf1 ( 30. a3 
{ intending c3-c4-c5 might be better }
 30...Bd7 31. Nd5 ( 31. c4 $2 Be6 32. Nd5 Bxd5 ( 32...Rd7 $4 33. Nf6+ Kg7 34. Nxd7 ) 33. cxd5 Rc3 ) 31...Rc6 32. Nf6+ Rxf6 33. Rxd7 $16 ) 30...Kg7 31. Ke2 Be7 32. Bd5 Bd7 33. Rd3 Bf6 ( 33...a5 $5 34. bxa5 ( 34. a3 axb4 35. axb4 ) 34...Ra7 35. a6 Rxa6 36. Bxf7 Bxh3 37. Bb3 Bc8 ) 34. c4 bxc4 35. Bxc4 Bc8
{ perhaps planning ...Bc8-b7-e4 }
 ( 35...Bf5 $4 36. Nxf5+ gxf5 37. Bxa6 Rc2+ 38. Rd2 ) 36. a3 Bb2 37. Kd2
{ White wants to support his pawns with his king, but it's complicated. }
37...f5 38. Kc2 Bxa3 $5
{ Black gets of one of the queen-side pawns, but gives up the "two bishops" to do so. After the smoke clears White will still have an extra pawn, but it won't be much easier to advance it. }
39. Rxa3 f4 40. Kb3 fxe3 41. fxe3 Re7 ( 41...Rc6 42. e4 Kf6 43. Ra5 Be6 44. Bxe6 Rxe6 45. e5+ Rxe5 ( 45...Kf5 46. Kc4 Ke4 47. Rd5 Rc6+ 48. Rc5 Re6 49. g4 
{ and Black can't maintain both Re6, defending Pg6 & Pa6, and Ke4, which prevents White's Kc4-d5. }
 49...Kf4 50. Kd4 Kg3 51. Kd5 Re8 52. e6 Kxh3 53. Rc4 $18 ) 46. Rxe5 Kxe5 47. Ka4 Kf4 48. Ka5 Kg3 49. Kxa6 Kxg2 50. b5 Kxh3 51. b6 g4 52. b7 g3 53. b8=Q g2 $18 
{ is slightly different from what one would see in an endgame theory book because of Pg6, but it is still a win for White }
 ) 42. Ka4 Re5 43. Rd3
{ White can aim for Bc4-d5, e3-e4 to block out Re5; thus allowing Ka4-a5 to get at Pa6. }
43...Bf5 44. Rd2 Rxe3 ( 44...Bc8 45. Rd8 Bb7 46. Rd7+ $18 ) ( 44...a5 45. bxa5 Re4 46. Rd4 Rxe3 47. Bd5 $16 ) 45. Bxa6 Be4 46. Rf2 Kh6 47. Bf1
{ Even if Black had to sacrifice a bishop for Pb4 he might manage a draw if there's sufficient counter-play on the king-side. }
47...g4 ( 47...Kh5 48. g4+ 
{ and Ph3 is hard to get at with Bf1 defending it }
 ) 48. hxg4 Re1
{ aiming for something like 49...Re1-a1+ 50. Ka4-b5?? Rxf1 51. Rxf1 Bd3+ -+ }
 ( 48...Kg5 49. Be2 Rg3 50. Bf3 Bxf3 51. gxf3 Kf4 52. b5 Rxf3 53. Rxf3+ Kxf3 54. g5 Kf4 55. b6 Kxg5 56. b7 Kh4 57. b8=Q g5 58. Qh2+ $18 ) 49. Be2 Ra1+ 50. Kb3 ( 50. Kb5 $4 Ra2 ) 50...Rb1+ 51. Kc3 Rc1+ 52. Kd4 Bb7 53. Bf3 ( 53. Bc4 Rg1 54. Bf1 ( 54. Bd5 $4 Rd1+ $19 ) 54...Kg5 55. b5 Kxg4 56. Kc5 Kg3 57. Rf7 Bxg2 58. Bxg2 Rxg2 59. Rg7 Kf4 60. b6 g5 61. b7 Rb2 ) 53...Ba6 54. Rb2 Bb5 55. Be2 Bc6 56. Bf3 Bb5 57. Be2 Bc6 58. Ba6
{ After having made several repetitions he goes ahead with his offensive plan. He's slowed Black as much as he could and now Pg2 will fall, but Pb4 will advance too. }
58...Rg1 59. b5 Bxg2 60. b6 Kg5 61. Bc8 $1
{ This is a crucial move because it slows Black's king-side play. }
 ( 61. Rxg2 $5 
{ This move should be considered because it removes one of the defenders, preventing Pb6 from advancing. It does, however, appear to be insufficient to force a win. }
 61...Rxg2 62. Kc5 Rb2 $1 ( 62...Rh2 $2 63. b7 ( 63. Bc8 $4 Rc2+ ) 63...Rh8 
{ a poor location from which to defend against White's king and Pb7 }
 64. Be2 Kf4 65. Kc6 g5 66. Kc7 Ke3 67. Bd1 Kd2 68. Ba4 Ke3 69. b8=Q Rxb8 70. Kxb8 Kf4 71. Bd7 $18 ) 63. Bb5 Rc2+ 64. Bc4 Rb2 65. Be6 
{ White must prevent Black from sacrificing his rook for one pawn and then capturing the other with his king. }
 65...Rc2+ 66. Kd6 ( 66. Kb4 $4 Rc6 67. Kb5 Rxe6 $19 ) ( 66. Kb5 Rb2+ 67. Ka5 Rb1 $11 ) 66...Rd2+ 67. Kc7 Rc2+ 68. Kb8 Rb2 69. b7 Rb6 70. Bc8 Rb1 $11 ) 61...Kf4 62. Kc5 Be4 ( 62...Rc1+ $4 63. Kd6 Rxc8 64. Rxg2 g5 65. b7 Rg8 66. Kc7 Rg7+ 67. Kb6 Rg8 68. Ka7 Kf3 69. Rg1 Kf2 70. Rb1 Kf3 71. Rb4 $18 ) 63. Rb4 Ke5 64. b7 Rc1+ ( 64...Bxb7 $2 65. Bxb7 $18 ) 65. Kb5 Bxb7 66. Bxb7 Kf6
{ Unfortunately for Black he can't win Pg4. White can always keep his rook and bishop in position to defend it. }
 ( 66...Rc3 
{ a plan to prevent Bb7-f3 or Bb7-c8 and then ...Ke5-f6-g5 isolates Pg4 from defense, but Black couldn't then play ...Rc3-g3xg4 before White can play Bb7-c8. }
 ) 67. Rc4 Rb1+ 68. Kc6 Kg5 69. Bc8 Rd1 70. Bd7 Kh4 71. Kc7 Rd2 72. Kd8 Re2 73. Rc6 g5 ( 73...Kg5 74. Be6 ( 74. Be8 
{ This is a mistake because it would allow Black to get rid of the last White pawn. It's much more difficult, if not impossible, to win with rook & bishop vs. rook than to have the pawn advance and promote to a queen. }
 74...Kxg4 75. Rxg6+ ) 74...Kf4 ( 74...Kf6 75. Bf5+ Kg5 76. Rxg6+ ) 75. Ke7 g5 76. Kf6 ) 74. Bf5 Re3 75. Re6 Rg3
{ While it looks like he's desperately trying to get rid of Pg4 he might also humorously, since there's no saving tactic, be allowing White the final check. }
76. Rh6#
1-0

[Event "SuperGM"]
[Site "Linares ESP"]
[Date "2002.02.25"]
[Round "3"]
[White "Shirov, Alexei"]
[Black "Adams, Michael"]
[Result "1/2-1/2"]
[WhiteElo "2715"]
[BlackElo "2742"]
[Annotator "Hathaway, Mark"]

1. e4 e5 2. Nf3 Nc6 3. Bb5 a6 4. Ba4 Nf6 5. O-O Be7 6. Re1 b5 7. Bb3 O-O 8. a4
{ Adams does play the Marshall Gambit and many people don't like to play against it, so they play such moves as 8. a4 to avoid it. Still, that doesn't end Black's attempts to play actively. }
8...Bb7 9. d3 Re8 10. Nc3 ( 10. Bg5 h6 11. Bh4 
{ and Black isn't so likely to risk any further aggressive king-side play, though he might play to trade-off Bh4, so as to avoid difficulty fighting for control of d5. The problem is that Black might just play }
 11...d6 
{ and leave Bh4 with nothing to do. }
 ) ( 10. axb5 axb5 11. Rxa8 Qxa8 12. Na3 
{ is also interesting }
 ) 10...b4 11. Nd5 Na5 12. Nxe7+ Qxe7 13. Ba2
{ White's Pe4 is under assault, so it's difficult for him to consider d3-d4. However, White has the two bishops, so at some point he'll want (or need) open lines and seek out targets. }
13...d5 $6
{ seems quite dubious to me }
 ( 13...h6 ) 14. Bg5 $2 ( 
{ I haven't a clue why Shirov wouldn't play }
 14. exd5 Bxd5 15. Bxd5 Nxd5 16. Rxe5 Qd7 17. Bd2 ) 14...dxe4 ( 14...d4 
{ intending ...c7-c5-c4 might be interesting. Bb7 would be out of place for that, but it would certainly give Black a huge queen-side space advantage and perhaps an open c-file for his rooks. It seems highly unlikely White would play b2-b3 to secure square c4 at the cost of permanently blocking-in Ba2. }
 ) 15. dxe4 Rad8 16. Qe2 h6 17. Bxf6 Qxf6
{ This position is much more balanced and unexciting. Each has a little pressure on the other's central pawn and only Black has slightly weakened queen-side pawns. }
18. Rad1 Qe7 19. h3 g6 ( 19...Qc5 20. Nh4 
{ gives White a slight chance to make trouble on the king-side }
 ) 20. Qe3 Kg7 21. Bd5 Bxd5 22. exd5
{ This change in pawn structure makes Black's queen-side look disjointed and weak, but it also appears to free Black's king-side pawns to advance (if he would dare) . }
22...Nc4 23. Qb3 Na5 24. Qe3 Nc4 25. Qb3 Na5
{ Both seemed a little nervous about starting any major plan of offense, so they conceded to a draw. }
1/2-1/2

[Event "SuperGM"]
[Site "Linares ESP"]
[Date "2002.02.25"]
[Round "3"]
[White "Vallejo Pons, Francisco"]
[Black "Ivanchuk, Vassily"]
[Result "1/2-1/2"]
[WhiteElo "2629"]
[BlackElo "2717"]
[Annotator "Hathaway, Mark"]

1. e4 Nf6
{ Wow! This is interesting. None of the top GMs plays anything this provocative. It is, of course, played by many people at all levels of chess, except at the top. Why does Ivanchuk choose it for this game? One possibility is that he saw Vallejo Pons playing rather solid positions and "offered" a possibility of something more unbalanced and tactical. }
2. Nc3
{ And already White flinches from the main contest (2. e5) . With this I suspect both players are on their own (out of book) . With Nc3 White isn't able to support a d2-d4 with c2-c3, so f2-f4 is more likely. In that case the game could resemble a King's Gambit more than an Italian or Spanish Game. }
2...e5 ( 2...d5 
{ is a more typical Alekhine's Defense response; continuing to force Pe4 to move or be removed. }
 ) 3. Nf3
{ After Black's first-move provocation Vallejo Pons is proceeding very cautiously, perhaps even more than he might normally. Can Ivanchuk play aggressively to exploit that over-caution? How would he go about it? Oftentimes when one player doesn't use pawns much the other can overwhelm him with pawns. But, it depends upon the opening. Too much use of pawns in some openings just leads to difficulties. }
 ( 3. f4 ) 3...Nc6 4. g3
{ After this it's quite possible Black will aim for ...Bh3 to trade-off Bg2, thereby weakening all the light squares on the king-side. Opening the center with ...d7-d5 would be unwise because it opens the diagonal for Bg2, making it stronger. }
 ( 4. Bb5 ) ( 4. d4 ) 4...Bc5 5. Bg2 d6 6. d3
{ By defending Pe4 White is now free to play Nc3-a4xc5. This would get rid of the bishop, but at the cost of opening the d-file for Black. Still it might be good. }
6...a6
{ Ivanchuk clearly wants to keep Bc5 to keep control of d4 and perhaps to have a piece which reaches all the way to f2 (or g1) to threaten White's king. This extra pawn move seems justified. }
7. h3
{ White clearly has an idea of how to coordinate his king-side, to avoid damage. But, such a passive position might still allow Black chances. }
7...O-O $6
{ The king-side seems the natural place for active play (for both White or Black) , so removing the king to the queen-side, where it's adequately defended by Bc5 and Nc6, should be safer and enables freer offensive actions on the king-side. }
 ( 
{ More adventurous is }
 7...h6 8. O-O Be6 9. Kh2 Qd7 
{ planning ...g7-g5-g4 and general king-side line opening combined with ...O-O-O }
 ) 8. O-O b5
{ This is an interesting plan. Black shows he had something more in mind when he played 6...a6. }
9. a3 ( 9. Bg5 $2 h6 10. Bxf6 Qxf6 11. Nd5 Qg6 
{ and Pg3 is as weak as Pc7, so Black's queen gets into position for king-side offensive play at no cost }
12. Kh2 Qh5
{ prepares ...Nc6-d4 and ...c7-c6 to enable ...Ra8-a7 when all Black's pieces are on their way to the king-side }
 ( 12...f5 $6 
{ Allowing White to open the g2-a8 diagonal bears a cost. }
 13. Nh4 Qg5 14. Nxf5 Bxf5 15. exf5 Qxf5 ( 15...Rxf5 16. Nc3 ) 16. Nxc7 Ra7 17. Bxc6 Rxc7 18. Bd5+ Kh8 ) ) 9...Rb8 10. Kh1
{ White is interested in prosecuting his offensive plan on his terms. He'd rather not be pushed into something by ... b5-b4. }
10...a5 11. Bg5 ( 11. Nh4 $6 b4 12. axb4 axb4 13. Nd5 Nxd5 14. exd5 Ne7 
{ and Black might be able to counter-attack at Pd5 with ...Bc8-b7xd5 }
 ) 11...h6 12. Bh4 $5
{ This is certainly intersting and puts in question 7...O-O. How does Black continue on both wings when his king wouldn't be safe after ...g7-g5? }
12...Be6 13. Nd5
{ How else could White proceed? }
 ( 13. Nh2 $4 g5 ( 13...b4 $2 14. axb4 axb4 15. Nd5 Bxd5 16. exd5 Nd4 17. Ng4 g5 $4 18. Nxh6+ Kg7 19. Bxg5 ) ) ( 13. Bxf6 Qxf6 14. Nh4 $13 ) 13...Bxd5
{ Black is forced to give up one of his valuable bishops and Pd5, though doubled, will be well supported by Bg2. }
14. exd5 Nd4 15. Nxd4 exd4 ( 15...Bxd4 $2 16. c3 Bb6 17. f4 
{ and the f-file can open to White's advantage }
 ) 16. g4
{ idea: to give Bh4 a retreat square and possibly to break up Black's king-side (with g4-g5) when White has both bishops in that area of the board (for both offensive and defensive uses) , but Black has Bc5 stuck on the other side of the board }
16...Re8 17. Re1 ( 
{ premature is }
 17. g5 $2 Nh7 ) ( 17. Qd2 
{ Unlike the game move this avoids the rook trade and seeks a more full-blooded fight. It also aims to resolve the queen-side possibilities without too much damage being done there. On the king-side White has to recognize also that if he uses f2-f4 Black could respond with ...Re8-e3, mucking up the whole operation. Whether 17...Ne4 is of much consequence is hard to say. }
 ) 17...Rxe1+ 18. Qxe1 b4 19. axb4 Bxb4 ( 19...axb4 20. b3 
{ and Bc5 isn't much more than a tall pawn }
 ) 20. Qc1
{ This is a multi-purpose move: it defends Pb2, prevents ...Bb4-d2 and aims at Black's king-side where g4-g5 might be played. }
 ( 20. c3 $1 Bc5 21. Qd2 
{ produces a tense situation where either side could go awry very easily. I think it favors White, but that's not easily provable. }
 ) 20...Rb5
{ Here's where Black tries to exploit the exposed Pd5. }
21. c3 ( 21. g5 Nxd5 22. Be4 
{ is complicated, but it seems a bit premature to gambit the pawn. Ra1 and Qc1 aren't able to quickly switch to the king-side offense. }
 ) 21...Bc5 22. c4 ( 
{ Resolving the confusion on the queen-side might be to White's advantage. The following pawn sacrifice leads to a late middle-game position where opposite-color bishops and a very active White queen make it difficult for Black to do more than stay safe. }
 22. b4 axb4 23. cxb4 Bxb4 ( 23...Rxb4 24. Bxf6 ( 24. g5 $2 Nh7 
{ challenges Pg5 straight-away }
 ( 24...Nd7 $2 25. Qf4 hxg5 26. Bxg5 ) 25. gxh6 Qxh4 26. Ra8+ Nf8 27. hxg7 Kxg7 ) 24...Qxf6 25. Ra8+ Kh7 26. Be4+ g6 
{ might still be fine for Black because Kh1 is a little more exposed than before }
 ) 24. Qc4 Rb8 ( 24...Bc3 25. Qxb5 Bxa1 26. Bxf6 Qxf6 27. Qb8+ Kh7 28. Be4+ g6 29. Kg2 Qe7 30. Qc8 ) 25. Qxd4 g5 26. Bg3 Bc5 27. Qc3 ) 22...Rb3 23. Rxa5 g5 24. Bg3 Qb8 ( 24...Rxd3 $4 25. Qc2 
{ traps Rd3 }
 25...Rxg3 26. fxg3 $16 ) 25. Bf1 ( 25. Ra2 $4 Rxd3 
{ and suddenly Black's pieces seem pretty useful while White's bishops aren't going anywhere! }
 ) 25...Rxb2 26. Ra8 Qxa8 27. Qxb2
{ At this point both sides have negated the other's primary advantages. White has no more king-side attack (it appears this would weaken his own king's safety too much) and Black's queen-side demonstration has quieted. }
27...Nd7 28. Bg2 Qa3 29. Qe2 Qc1+ 30. Kh2 Ne5
{ At first glance I thought this game was "remarkably equal throughout", but upon further study I realized there was a gradual shift to Black in the opening, then back to White in the middle-game and with Black's queen-side action (which White apparently didn't handle properly) the balance was restored. Though there wasn't any direct attack on a king there wasn't a static balance throughout. }
1/2-1/2